Diverse case scenario (Record no. 73114)

MARC details
000 -LEADER
fixed length control field 01183cam a2200253 4500
001 - CONTROL NUMBER
control field ABS66907
008 - FIXED-LENGTH DATA ELEMENTS--GENERAL INFORMATION
fixed length control field 030724n2003 000 0 eng u
035 ## - SYSTEM CONTROL NUMBER
System control number (Sirsi) u123125
100 ## - MAIN ENTRY--PERSONAL NAME
Personal name Macdonald, S.
245 ## - TITLE STATEMENT
Title Diverse case scenario
260 ## - PUBLICATION, DISTRIBUTION, ETC.
Date of publication, distribution, etc. 2003
490 ## - SERIES STATEMENT
Series statement Housing Today
Volume/sequential designation (339) 27 June 2003, 16-18(3)
520 ## - SUMMARY, ETC.
Summary, etc. Reports on the increasingly diverse activities of housing associations. They do not just build to rent any more but are moving strongly into shared ownership and finding development opportunities in less traditional areas. Housing association ranking tables based on "Housing Today" and National Housing Federation data are provided for the top 20 in affordable rented housing and in rehabilitation and repair, the top 30 in low-cost home ownership, the top 20 in private rent and sale and the top 50 developing associations.
590 ## - LOCAL NOTE (RLIN)
Local note ABS
650 ## - SUBJECT ADDED ENTRY--TOPICAL TERM
Topical term or geographic name entry element SOCIAL HOUSING
650 ## - SUBJECT ADDED ENTRY--TOPICAL TERM
Topical term or geographic name entry element HOUSING ASSOCIATIONS
650 ## - SUBJECT ADDED ENTRY--TOPICAL TERM
Topical term or geographic name entry element REHABILITATED HOUSING
650 ## - SUBJECT ADDED ENTRY--TOPICAL TERM
Topical term or geographic name entry element REPAIRS
650 ## - SUBJECT ADDED ENTRY--TOPICAL TERM
Topical term or geographic name entry element SHARED OWNERSHIP
650 ## - SUBJECT ADDED ENTRY--TOPICAL TERM
Topical term or geographic name entry element LOW-COST HOMES
650 ## - SUBJECT ADDED ENTRY--TOPICAL TERM
Topical term or geographic name entry element RANKINGS
690 ## - LOCAL SUBJECT ADDED ENTRY--TOPICAL TERM (OCLC, RLIN)
Topical term or geographic name as entry element PROPERTY-RESIDENTIAL PROPERTY-RESIDENTIAL PROPERTY MARKET
942 ## - ADDED ENTRY ELEMENTS (KOHA)
Suppress in OPAC 0
Holdings
Withdrawn status Lost status Source of classification or shelving scheme Damaged status Not for loan Home library Current library Shelving location Date acquired Total Checkouts Full call number Barcode Date last seen Copy number Price effective from Koha item type
    Dewey Decimal Classification     London London Journal article 24/07/2003   ABS66907 123125-1001 06/08/2019 1 06/08/2019 Journal article